LEADER 01196nam a22002771i 4500 001 991000297029707536 005 20040806115449.0 008 040920s1994 it ita 020 $a9788832483109 035 $ab13201694-39ule_inst 035 $aARCHE-114793$9ExL 040 $aSet. Economia$bita$cA.t.i. Arché s.c.r.l. Pandora Sicilia s.r.l. 082 04$a343.4505 100 1 $aPiazza, Marco$0116285 245 10$aGuida alla fiscalità internazionale :$btassazione dei redditi prodotti in Italia e all'estero : aspetti civilistici, comunitari e valutari, convenzioni contro le doppie imposizioni /$cMarco Piazza 250 $a5. ed 260 $aMilano :$bPirola,$c1994 300 $aXVI, 636 p. ;$c24 cm 650 4$aCittadini non residenti$xTributi$xLegislazione 650 4$aRedditi prodotti all'estero$xTributi$xLegislazione 907 $a.b13201694$b25-06-19$c23-09-04 912 $a991000297029707536 945 $aLE025 ECO 343 PIA01.01$g1$i2025000167872$lle025$nCatalogato 2019$o-$pE0.00$q-$rl$s- $t0$u1$v0$w1$x0$y.i13856352$z23-09-04 996 $aGuida alla fiscalità internazionale$9418357 997 $aUNISALENTO 998 $ale025$b23-09-04$cm$da $e-$fita$git $h0$i1 LEADER 01188nam 2200385 450 001 9910704361003321 005 20130926110008.0 035 $a(CKB)5470000002440074 035 $a(OCoLC)858942817 035 $a(EXLCZ)995470000002440074 100 $a20130926d2012 ua 0 101 0 $aeng 135 $aurcn||||||||| 181 $2rdacontent 182 $2rdamedia 183 $2rdacarrier 200 10$aAvoiding meeting fatigue $ehow to make the numerous international meetings on Afghanistan more effective /$fWilliam Byrd 210 1$aWashington, D.C.$cUnited States Institute of Peace$d2012. 215 $a1 online resource (4 pages) 225 1 $aPeacebrief ;$v130 300 $aTitle from title screen (viewed on Sept. 23, 2013). 300 $a"June 29, 2012." 517 $aAvoiding meeting fatigue 606 $aMeetings$xManagement 606 $aPeace-building$zAfghanistan 615 0$aMeetings$xManagement. 615 0$aPeace-building 700 $aByrd$b William A.$0127070 801 0$bGPO 801 1$bGPO 801 2$bGPO 906 $aBOOK 912 $a9910704361003321 996 $aAvoiding meeting fatigue$93464960 997 $aUNINA